[Event "AUTO-ADV-637"]
[Site "http://www.queenalice.com/game.php?id=266507"]
[Date "2007.9.3"]
[Round "1"]
[White "Jacek"]
[Black "magalhaes"]
[Result "0-1"]
[WhiteElo "2053"]
[BlackElo "1821"]

1. e4 e5 2. Nf3 Nc6 3. Bb5 d6 4. d4 exd4 5. Qxd4 Bd7 6. Bxc6 Bxc6 7. Nc3 Nf6 8.
Bg5 Be7 9. O-O-O a5 10. e5 dxe5 11. Qxe5 Qc8 12. Rhe1 O-O 13. Qxe7 Re8 14. Qc5
Nd7 15. Rxe8+ Qxe8 16. Qe3 Qf8 17. Ne5 Nxe5 18. Qxe5 f6 19. Qe6+ Kh8 20. Be3 Re8
21. Qg4 b5 22. Qd4 Qf7 23. a3 Qg6 24. Qc5 Qxg2 25. Nxb5 Bxb5 26. Qxb5 Ra8 27.
Qxa5 Qc6 28. Qd5 Qe8 29. Qd7 Qb8 30. Ba7 Qf8 31. Qxc7 Rc8 32. Qd6 Qe8 33. Qd7
Qf8 34. b4 h6 35. Bc5 Qg8 36. Kb2 Rb8 37. Re1 Qc4 38. Qd6 Ra8 39. Qd4 Qa6 40.
Qd5 Qxa3+ 0-1

[Event "AUTO-ADV-637"]
[Site "http://www.queenalice.com/game.php?id=266508"]
[Date "2007.9.3"]
[Round "1"]
[White "magalhaes"]
[Black "Jacek"]
[Result "0-1"]
[WhiteElo "1850"]
[BlackElo "2022"]

1. Nf3 Nf6 2. g3 g6 3. c4 Bg7 4. Nc3 O-O 5. Bg2 Nc6 6. d4 d5 7. cxd5 Nxd5 8. O-O
Be6 9. e4 Nxc3 10. bxc3 Bc4 11. Re1 Re8 12. d5 Bxc3 13. dxc6 Qxd1 14. Rxd1 Bxa1
15. Bf4 Bg7 16. cxb7 Rab8 17. Rc1 Ba6 18. Rxc7 Rxb7 19. Rxb7 Bxb7 20. Nd2 Rc8
21. Nb3 Rc2 22. a4 Ra2 23. Nc5 Bc6 24. Bb8 Bd4 25. Nd3 Rd2 26. Nb4 Bxa4 27. Nd5
Rd1+ 28. Bf1 Bb5 29. Ne3 Bxe3 30. fxe3 Rxf1+ 31. Kg2 a5 32. Be5 f6 33. Bb2 Rb1
34. Ba3 Kf7 35. Kf3 Rb3 36. Bc5 a4 37. Bd4 e5 38. Ba1 a3 39. Kf2 Rb2+ 40. Bxb2
axb2 41. Ke1 b1=Q+ 42. Kd2 Qd3+ 43. Kc1 Ba4 44. Kb2 Qc2+ 45. Ka1 Bb3 0-1

[Event "AUTO-ADV-637"]
[Site "http://www.queenalice.com/game.php?id=266511"]
[Date "2007.9.3"]
[Round "1"]
[White "Jacek"]
[Black "vininb"]
[Result "1-0"]
[WhiteElo "2041"]
[BlackElo "1776"]

1. e4 e5 2. Nf3 Nc6 3. Bb5 a6 4. Ba4 Nf6 5. O-O Be7 6. Re1 O-O 7. Bxc6 dxc6 8.
Nxe5 Bd6 9. Nf3 Bc5 10. d4 Bb6 11. h3 Be6 12. Bg5 h6 13. Bh4 g5 14. Bg3 Nh5 15.
Bh2 g4 16. hxg4 Bxg4 17. c3 Kh7 18. Qd3 Kh8 19. Ne5 Be6 20. Qe3 Kh7 21. Nd2 Rg8
22. Qf3 f6 23. Qxh5 Rg5 24. Qe2 fxe5 25. Bxe5 Bh3 26. Bg3 Bg4 27. Qe3 c5 28. d5
c4 29. Qf4 Qe7 30. Bh4 Bh5 31. Bxg5 hxg5 32. Qf5+ Bg6 33. Qh3+ Kg7 34. Nxc4 Ba7
35. Rad1 Rf8 36. Ne3 1-0

[Event "AUTO-ADV-637"]
[Site "http://www.queenalice.com/game.php?id=266512"]
[Date "2007.9.3"]
[Round "1"]
[White "vininb"]
[Black "Jacek"]
[Result "1/2-1/2"]
[WhiteElo "1773"]
[BlackElo "1928"]

1. e4 c5 2. c3 d5 3. exd5 Qxd5 4. d4 Nf6 5. Nf3 cxd4 6. cxd4 Qa5+ 7. Bd2 Qb6 8.
Bc3 e6 9. Be2 Be7 10. O-O O-O 11. Nbd2 Nc6 12. Nb3 Nd5 13. Ne5 Nxe5 14. dxe5
Nxc3 15. bxc3 Rd8 16. Qc2 Bd7 17. Rab1 Ba4 18. Bd3 h6 19. Qe2 Qc7 20. c4 Bc6 21.
Bc2 Rd7 22. Rfd1 Rad8 23. f4 Qb6+ 24. Kh1 Rxd1+ 25. Rxd1 Rxd1+ 1/2-1/2

[Event "echecs.mat@Evry "]
[Site "http://www.queenalice.com/game.php?id=268785"]
[Date "2007.9.8"]
[Round "-"]
[White "charles31"]
[Black "Jacek"]
[Result "0-1"]
[WhiteElo "1709"]
[BlackElo "1867"]

1. e4 c5 2. Nf3 e6 3. Bb5 a6 4. Bc4 b5 5. Be2 Nf6 6. e5 Nd5 7. d4 Nc6 8. c3 d6
9. Bg5 Qb6 10. dxc5 dxc5 11. O-O Bb7 12. Na3 c4 13. Nd4 Bxa3 14. bxa3 Nxc3 15.
Qd2 Nxd4 16. Be3 Ncxe2+ 17. Kh1 Qc6 18. f3 Rd8 19. Bxd4 Nxd4 20. Rfd1 O-O 21.
Qa5 Rd5 22. Qc3 Rfd8 23. Qa5 h5 24. Qc3 h4 25. h3 Ne2 26. Qc2 Ng3+ 27. Kh2 Qd7
28. Rxd5 Qxd5 29. f4 Qd4 30. Qc1 Qf2 31. Qg1 Qxf4 32. Qb6 Nf1+ 33. Kg1 Qh2+ 34.
Kxf1 Qxg2+ 35. Ke1 Rd2 36. Qe3 Rc2 37. Kd1 Bf3+ 38. Qxf3 Qd2# 0-1

[Event "AUTO-ADV-644"]
[Site "http://www.queenalice.com/game.php?id=269744"]
[Date "2007.9.11"]
[Round "1"]
[White "anandya"]
[Black "Jacek"]
[Result "1-0"]
[WhiteElo "1843"]
[BlackElo "2031"]

1. e4 c5 2. Bc4 e6 3. d3 d5 4. exd5 exd5 5. Qe2+ Be7 6. Bb5+ Nc6 7. Nf3 Nf6 8.
Ne5 Bd7 9. Nxd7 Qxd7 10. Be3 O-O 11. h3 d4 12. Bf4 Qf5 13. Qf3 Nb4 14. Na3 a6
15. Bc4 Nfd5 16. Bxd5 Nxd5 17. Bd2 Qxf3 18. gxf3 b5 19. c4 dxc3 20. bxc3 Bf6 21.
Rc1 Rfe8+ 22. Kf1 Re7 23. Nb1 Rae8 24. Re1 Rxe1+ 25. Bxe1 g6 26. Bd2 Kg7 27. Kg2
Re2 28. Re1 1-0

[Event "AUTO-ADV-644"]
[Site "http://www.queenalice.com/game.php?id=269745"]
[Date "2007.9.11"]
[Round "1"]
[White "Jacek"]
[Black "anandya"]
[Result "0-1"]
[WhiteElo "2008"]
[BlackElo "1867"]

1. e4 e5 2. Nf3 d6 3. Bc4 h6 4. d4 exd4 5. Nxd4 Bd7 6. O-O Nc6 7. Nc3 Nf6 8. f4
Be7 9. Nf5 Bxf5 10. exf5 O-O 11. Be3 a6 12. a4 Qd7 13. g4 Nh7 14. Nd5 Nf6 15. g5
Nxd5 16. Qxd5 Nd8 17. f6 c6 18. Qe4 d5 19. Qxe7 Qg4+ 20. Kh1 Qe6 21. Bd3 Re8 22.
Qxe6 Rxe6 23. Bd4 gxf6 24. gxf6 Kf8 25. Be5 c5 26. Bf5 Rb6 27. b3 Ne6 28. Bxe6
Rxe6 0-1

[Event "AUTO-ADV-644"]
[Site "http://www.queenalice.com/game.php?id=269772"]
[Date "2007.9.11"]
[Round "1"]
[White "Jacek"]
[Black "stress"]
[Result "1-0"]
[WhiteElo "1940"]
[BlackElo "1803"]

1. e4 e5 2. Nf3 d6 3. Bc4 Be7 4. d4 exd4 5. Nxd4 Nf6 6. Nc3 O-O 7. Bf4 a6 8. O-O
b5 9. Bd3 Bb7 10. a4 b4 11. Nd5 Bxd5 12. exd5 Nxd5 13. Bxh7+ Kxh7 14. Qh5+ Kg8
15. Qxd5 Nd7 16. Nc6 Nf6 17. Qf5 g6 18. Qd3 Qd7 19. Nxe7+ Qxe7 20. Rfe1 Qd8 21.
Bg5 Kg7 22. Qd4 c5 23. Qf4 d5 24. Bh6+ Kg8 25. Bxf8 Kxf8 26. Qh6+ Kg8 27. Qg5
Qd6 28. f3 Nh7 29. Qe7 Qxe7 30. Rxe7 Nf6 31. Rae1 Kf8 32. Rc7 c4 33. Ree7 Ne8
34. Rxf7+ Kg8 35. Ra7 Rd8 36. Rfd7 Rxd7 37. Rxd7 Nf6 38. Rd6 1-0

[Event "AUTO-ADV-644"]
[Site "http://www.queenalice.com/game.php?id=269773"]
[Date "2007.9.11"]
[Round "1"]
[White "stress"]
[Black "Jacek"]
[Result "0-1"]
[WhiteElo "1800"]
[BlackElo "1911"]

1. e4 c5 2. Nf3 e6 3. Be2 d5 4. exd5 exd5 5. O-O Nf6 6. d4 Nc6 7. dxc5 Bxc5 8.
Bg5 Be6 9. c3 h6 10. Bh4 g5 11. Bg3 Ne4 12. Be5 Nxe5 13. Nxe5 Qc7 14. Nd3 Bd6
15. g3 O-O-O 16. Nd2 h5 17. f3 h4 18. fxe4 hxg3 19. e5 Qb6+ 20. Kg2 Rxh2+ 21.
Kxg3 Rdh8 22. Bg4 Qe3+ 23. Qf3 Bxe5+ 24. Nxe5 Qxe5+ 25. Qf4 gxf4+ 26. Rxf4 Bxg4
27. Rf1 R8h3+ 0-1

[Event "somebody?"]
[Site "http://www.queenalice.com/game.php?id=270478"]
[Date "2007.9.12"]
[Round "-"]
[White "Jacek"]
[Black "marcohashi"]
[Result "1-0"]
[WhiteElo "1987"]
[BlackElo "1761"]

1. e4 e5 2. Nf3 d6 3. d4 Nc6 4. d5 Nce7 5. Nc3 Nf6 6. Bg5 Ng6 7. Qd2 h6 8. Bxf6
Qxf6 9. Nb5 Qd8 10. Qc3 c6 11. dxc6 bxc6 12. Qxc6+ Bd7 13. Qxa8 Qxa8 14. Nc7+
Kd8 15. Nxa8 Bc6 16. O-O-O Bxa8 17. Bd3 Be7 18. g3 Kd7 19. Rhe1 Rb8 20. Bc4 f6
21. h4 Nf8 22. h5 g6 23. Nh4 gxh5 24. Nf5 Ng6 25. Nxh6 Bf8 26. Nf5 Rc8 27. b3 a5
28. a4 Bc6 29. Bf7 Nh8 30. Bxh5 Ke6 31. Bg4 Rd8 32. Nd4+ Kf7 33. Nxc6 Ra8 34.
Rd5 Bh6+ 35. Kb2 Rg8 36. Bf5 Ng6 37. Rxa5 Ne7 38. Ra7 Re8 39. Rh1 1-0

[Event "# 16"]
[Site "http://www.queenalice.com/game.php?id=271554"]
[Date "2007.9.14"]
[Round "-"]
[White "Jacek"]
[Black "doran"]
[Result "1-0"]
[WhiteElo "1999"]
[BlackElo "1938"]

1. e4 g6 2. d4 Bg7 3. Bc4 c6 4. Nc3 d6 5. Bg5 Qb6 6. Qf3 e6 7. O-O-O d5 8. exd5
cxd5 9. Bb5+ Bd7 10. Nxd5 exd5 11. Re1+ Kf8 12. Qa3+ 1-0

[Event "# 8"]
[Site "http://www.queenalice.com/game.php?id=271564"]
[Date "2007.9.16"]
[Round "-"]
[White "Jacek"]
[Black "doran"]
[Result "1-0"]
[WhiteElo "2022"]
[BlackElo "1936"]

1. e4 g6 2. d4 Bg7 3. Nc3 c6 4. Be3 d5 5. Nf3 dxe4 6. Nxe4 Nd7 7. Bc4 Ngf6 8.
Nxf6+ Nxf6 9. c3 O-O 10. O-O Qc7 11. Qb3 Bg4 12. Ne5 Bf5 13. Bxf7+ Kh8 14. Be6
1-0

[Event "Challenge"]
[Site "http://www.queenalice.com/game.php?id=302110"]
[Date "2007.11.11"]
[Round "-"]
[White "JMasters"]
[Black "Jacek"]
[Result "1-0"]
[WhiteElo "1834"]
[BlackElo "1951"]

1. e4 c5 2. Nf3 e6 3. d4 cxd4 4. Nxd4 a6 5. Nc3 Qc7 6. Be2 b5 7. O-O b4 8. Na4
Nf6 9. Bf3 Bb7 10. Re1 Bd6 11. h3 e5 12. Nf5 Bf8 13. Be3 1-0

[Event "Challenge"]
[Site "http://www.queenalice.com/game.php?id=305731"]
[Date "2007.11.17"]
[Round "-"]
[White "sunking"]
[Black "Jacek"]
[Result "1-0"]
[WhiteElo "1906"]
[BlackElo "1986"]

1. d4 Nf6 2. d5 e6 3. c4 Bb4+ 4. Bd2 Bxd2+ 5. Nxd2 O-O 6. e4 exd5 7. cxd5 Re8 8.
f3 Nxd5 9. Bc4 Qg5 10. Bxd5 Qxd5 11. Qb3 Qg5 12. g3 d5 13. Qxd5 1-0